Rethinking the East Asia miracle (Record no. 286365)

000 -LEADER
fixed length control field 00483cam a22001577a 4500
008 - FIXED-LENGTH DATA ELEMENTS--GENERAL INFORMATION
fixed length control field 180718b2001 xxu||||| |||| 00| 0 eng d
020 ## - INTERNATIONAL STANDARD BOOK NUMBER
International Standard Book Number 0195216008
082 ## - DEWEY DECIMAL CLASSIFICATION NUMBER
Classification number T19x5 St52
245 ## - TITLE STATEMENT
Title Rethinking the East Asia miracle
Statement of responsibility, etc. edited by Joseph E. Stiglitz and Shahid Yusuf
260 ## - PUBLICATION, DISTRIBUTION, ETC.
Place of publication, distribution, etc. Washington, D.C.
Name of publisher, distributor, etc. World Bank
Date of publication, distribution, etc. 2001
300 ## - PHYSICAL DESCRIPTION
Extent 526p.
650 ## - SUBJECT ADDED ENTRY--TOPICAL TERM
Topical term or geographic name entry element Finanace - East Asia
650 ## - SUBJECT ADDED ENTRY--TOPICAL TERM
Topical term or geographic name entry element East Asia - Economic conditions
700 ## - ADDED ENTRY--PERSONAL NAME
Personal name Yusuf, Shahid
700 ## - ADDED ENTRY--PERSONAL NAME
Personal name Stiglitz, Joseph E.
Holdings
Withdrawn status Lost status Damaged status Not for loan Permanent Location Current Location Date acquired Full call number Barcode Date last seen Price effective from Koha item type
        Indian Institute of Public Administration Indian Institute of Public Administration 2001-08-27 T19x5 St52 WB8976 2018-07-20 2018-07-20 WB

Powered by Koha